Sports Quiz

Random Sports Quiz
Score 0/12 Timer 07:00
0 Plays Today
School Stadium % Correct
Ohio StateOhio Stadium
89.5%
MichiganMichigan Stadium
88%
Penn StateBeaver Stadium
75.2%
WisconsinCamp Randall Stadium
72.9%
IowaKinnick Stadium
57.1%
Michigan StateSpartan Stadium
50.4%
IllinoisMemorial Stadium
50.4%
IndianaMemorial Stadium
45.9%
NorthwesternRyan Field
42.9%
MinnesotaTCF Bank Stadium
39.8%
PurdueRoss-Ade Stadium
37.6%
NebraskaMemorial Stadium
15.8%

You're not logged in!

Compare scores with friends on all Sporcle quizzes.
OR
Log In

Sporcle TV

Today on Sporcle TV


Watch our educational content, quiz creation guides, and fun videos on Sporcle TV.

Show Comments

Extras

Created Sep 25, 2009SourceReportNominate
Tags:Big 10, Opened, school, Stadiums

Top Quizzes Today


Score Distribution

Paid Content

Your Account Isn't Verified!

In order to create a playlist on Sporcle, you need to verify the email address you used during registration. Go to your Sporcle Settings to finish the process.

Report this User

Report this user for behavior that violates our Community Guidelines.

Details: